000
00306nam a22001337a 4500
008
170801b xxu||||| |||| 00| 0 eng d
020
_a
9780131433519
041
_a
eng
080
_2
4TH
_a
004
100
_a
32
101
_a
SHK
245
_a
COMPUTER NETWROKS ANDINTERNETS
_c
COMER,D.E
942
_2
udc
_c
BK
999
_c
22393
_d
22393